| 000 | 00861nam a2200229Ia 4500 | ||
|---|---|---|---|
| 003 | GCL | ||
| 008 | 140319s9999 xx 000 0 ara d | ||
| 040 |
_aGCL / _cGCL |
||
| 082 | 0 | 4 |
_a025.21 _bح م |
| 100 | 1 | _aحسان عبابده | |
| 245 | 1 | 0 |
_aمصادر المعلومات وتنمية المقتنيات فى المكتبات ومراكز المعلومات / _cحسان عبابده |
| 250 | _aالاولى | ||
| 260 |
_aالاردن : _bدار صفاء للنشر والتوزيع ، _c2004 |
||
| 300 |
_a136 ص ؛ _c24 سم |
||
| 650 | 0 | 4 | _aالكتب - اختيار |
| 650 | 0 | 4 | _aالتزويد ( مكتبات ) |
| 650 | 0 | 4 | _aمصادر المعلومات |
| 650 | 0 | 4 | _aالإنترنت - المكتبات |
| 650 | 0 | 4 | _aمصادر المعلومات الالكترونية |
| 650 | 0 | 4 | _aالمطبوعات - التبادل |
| 942 |
_2ddc _cBK |
||
| 999 |
_c8440 _d8440 |
||